[Event "AUS-ch U10"]
[Site "Wahroonga"]
[Date "2014.01.13"]
[Round "?"]
[White "Sen, Deniz"]
[Black "Ren, Yuanhao"]
[Result "1-0"]
[WhiteElo "581"]
[BlackElo "421"]
[PlyCount "51"]
[EventDate "2014.01.11"]
[EventType "swiss"]
[EventRounds "9"]
[EventCountry "AUS"]
[SourceTitle "EXT 2020"]
[Source "ChessBase"]
[SourceDate "2019.10.17"]
[SourceVersion "1"]
[SourceVersionDate "2019.10.17"]
[SourceQuality "1"]

1. e4 e5 2. Nf3 d6 3. Nc3 Nc6 4. Bc4 Nh6 5. d3 Be6 6. Bxe6 fxe6 7. 0-0 g6 8. Bg5 Ne7 9. Qd2 Bg7 10. Bxh6 Bxh6 11. Qxh6 d5 12. Ng5 dxe4 13. dxe4 Qd7 14. Rfd1 Ng8 15. Rxd7 Nxh6 16. Rxc7 Rb8 17. Nxe6 a5 18. Nb5 Rd8 19. Nxd8 Kxd8 20. Rxb7 Kc8 21. Rc7+ Kb8 22. Rd1 Ng4 23. Rdd7 a4 24. Rb7+ Kc8 25. Rdc7+ Kd8 26. Rb8# 1-0